[Event "CZE-chT2B 2223"]
[Site "Czech Republic"]
[Date "2023.03.26"]
[Round "11.6"]
[White "Straka, Jaroslav"]
[Black "Gutman, Petr"]
[Result "0-1"]
[WhiteElo "1905"]
[BlackElo "2046"]
[PlyCount "80"]
[EventDate "2022.10.16"]
[EventType "team-tourn"]
[EventRounds "11"]
[EventCountry "CZE"]
[SourceTitle "EXT 2024"]
[Source "ChessBase"]
[SourceDate "2023.10.10"]
[SourceVersion "1"]
[SourceVersionDate "2023.10.10"]
[SourceQuality "1"]
[WhiteTeam "Pankrac II"]
[BlackTeam "Kladno"]
[WhiteTeamCountry "CZE"]
[BlackTeamCountry "CZE"]

1. d4 Nf6 2. Nf3 g6 3. Bg5 Bg7 4. c3 d6 5. Nbd2 0-0 6. e4 h6 7. Bh4 Nc6 8. Be2 e5 9. 0-0 g5 10. Bg3 g4 11. Nh4 exd4 12. cxd4 Nxd4 13. Bd3 Be6 14. Re1 Qd7 15. Nc4 Nh5 16. Ne3 Nxg3 17. hxg3 h5 18. Qd2 a5 19. Rad1 c6 20. Bb1 Qd8 21. Qd3 Be5 22. Nc4 b5 23. Nxe5 dxe5 24. Qe3 Kg7 25. f4 f6 26. Rf1 Qe7 27. fxe5 fxe5 28. Rxd4 Rxf1+ 29. Kxf1 exd4 30. Qxd4+ Qf6+ 31. Qf2 Qxf2+ 32. Kxf2 c5 33. Ke3 b4 34. Nf5+ Bxf5 35. exf5 a4 36. Bc2 b3 37. axb3 axb3 38. Bxb3 Rb8 39. Bd5 Rxb2 40. Kd3 Rb4 0-1

[Event "CZE-chT2B 2223"]
[Site "Czech Republic"]
[Date "2023.01.22"]
[Round "7.7"]
[White "Lusk, Jiri"]
[Black "Straka, Jaroslav"]
[Result "0-1"]
[WhiteElo "1776"]
[BlackElo "1905"]
[PlyCount "70"]
[EventDate "2022.10.16"]
[EventType "team-tourn"]
[EventRounds "11"]
[EventCountry "CZE"]
[SourceTitle "EXT 2024"]
[Source "ChessBase"]
[SourceDate "2023.10.10"]
[SourceVersion "1"]
[SourceVersionDate "2023.10.10"]
[SourceQuality "1"]
[WhiteTeam "Karlovy Vary"]
[BlackTeam "Pankrac II"]
[WhiteTeamCountry "CZE"]
[BlackTeamCountry "CZE"]

1. d4 d5 2. c4 e6 3. Nc3 Nf6 4. Bg5 Be7 5. e3 0-0 6. Nf3 h6 7. Bh4 b6 8. Bxf6 Bxf6 9. cxd5 exd5 10. Bd3 Bb7 11. Rc1 Nd7 12. Qb3 c5 13. Nxd5 cxd4 14. Nxf6+ Qxf6 15. Nxd4 Bxg2 16. Rg1 Nc5 17. Qc2 Bb7 18. b4 Nxd3+ 19. Qxd3 Qd6 20. a3 Qxh2 21. Ke2 Rac8 22. Qf5 Rxc1 23. Rxc1 Qd6 24. Qg4 Kh8 25. Qf5 Qe7 26. Qg4 Rd8 27. Rg1 Qf6 28. Rc1 Qe5 29. b5 Qf6 30. Rc7 Bd5 31. a4 Qd6 32. Rc8 Rxc8 33. Qxc8+ Kh7 34. Nf5 Qe5 35. Qc2 Be4 0-1

[Event "CZE-chT1W 2223"]
[Site "Czech Republic"]
[Date "2022.11.13"]
[Round "3.2"]
[White "Straka, Jaroslav"]
[Black "Fedorov, Evgueny"]
[Result "0-1"]
[WhiteElo "1969"]
[BlackElo "2236"]
[PlyCount "106"]
[EventDate "2022.10.09"]
[EventType "team-tourn"]
[EventRounds "11"]
[EventCountry "CZE"]
[SourceTitle "CBM 213 Extra"]
[Source "ChessBase"]
[SourceDate "2023.05.31"]
[SourceVersion "1"]
[SourceVersionDate "2023.05.31"]
[SourceQuality "1"]
[WhiteTeam "Ricany Betsys II"]
[BlackTeam "Praha DP EA Hotels II"]
[WhiteTeamCountry "CZE"]
[BlackTeamCountry "CZE"]

1. d4 Nf6 2. Nf3 e6 3. Bf4 d5 4. e3 c5 5. c3 Bd6 6. Bxd6 Qxd6 7. dxc5 Qxc5 8. Nbd2 0-0 9. Be2 Nc6 10. 0-0 Rd8 11. Qa4 e5 12. Qh4 Bf5 13. h3 Bg6 14. Rfe1 Qb6 15. b3 Rac8 16. Qg3 Qc7 17. Nh4 Ne7 18. Nxg6 Nxg6 19. Rec1 Qa5 20. e4 Nf4 21. Bf1 Nxe4 22. Nxe4 dxe4 23. b4 Qa3 24. Qe3 Nd5 25. Qxe4 Nxc3 26. Qe1 Qxb4 27. Qxe5 Rc5 28. Qe7 Rdc8 29. Re1 g6 30. a3 Qb2 31. Qd7 R5c6 32. Re8+ Rxe8 33. Qxe8+ Kg7 34. Re1 Rf6 35. f3 Nd5 36. Qe4 Nf4 37. Rb1 Qxa3 38. Rxb7 Qc5+ 39. Kh2 Qf2 40. Qc4 h5 41. Rb5 h4 42. Rg5 Nh5 43. Qe2 Qxe2 44. Bxe2 Ng3 45. Bc4 Kh6 46. Rg4 g5 47. Kg1 Rd6 48. Bxf7 Rd1+ 49. Kf2 Rd2+ 50. Ke3 Nf1+ 51. Ke4 Nh2 52. Ke3 Rd7 53. Be6 Nxg4+ 0-1

[Event "CZE-chT2C 1314"]
[Site "Czech Republic"]
[Date "2014.04.06"]
[Round "11.6"]
[White "Straka, Jaroslav"]
[Black "Korenek, Frantisek"]
[Result "1-0"]
[WhiteElo "2114"]
[BlackElo "2122"]
[PlyCount "75"]
[EventDate "2013.11.03"]
[EventType "team-tourn"]
[EventRounds "11"]
[EventCountry "CZE"]
[SourceTitle "EXT 2015"]
[Source "ChessBase"]
[SourceDate "2014.11.20"]
[SourceVersion "1"]
[SourceVersionDate "2014.11.20"]
[SourceQuality "1"]
[WhiteTeam "Ricany"]
[BlackTeam "Lysa nad Labem III"]
[WhiteTeamCountry "CZE"]
[BlackTeamCountry "CZE"]

1. f4 d5 2. Nf3 g6 3. e3 Bg7 4. d4 Nf6 5. Bd3 0-0 6. Nbd2 Nbd7 7. 0-0 c5 8. c3 a6 9. a4 b6 10. e4 dxe4 11. Nxe4 Bb7 12. Qe2 cxd4 13. Nxd4 Nxe4 14. Bxe4 Bxe4 15. Qxe4 Nc5 16. Qe3 Qd5 17. Ra3 e6 18. Nc2 Rfd8 19. a5 b5 20. Nb4 Qd6 21. Qf3 Rac8 22. Be3 Na4 23. Bc1 Rd7 24. Qe2 Qc7 25. Nxa6 Qa7+ 26. Be3 Qxa6 27. Rxa4 Bf8 28. Raa1 Rd5 29. Bd4 Rcd8 30. Rfd1 R8d7 31. Bb6 Qb7 32. Rxd5 Rxd5 33. Qe3 Qd7 34. a6 Rd1+ 35. Rxd1 Qxd1+ 36. Kf2 Qd5 37. a7 Qc6 38. Bd4 1-0

[Event "Tabor op"]
[Site "Tabor"]
[Date "2013.08.01"]
[Round "6"]
[White "Straka, Jaroslav"]
[Black "Privoznik, Lubos"]
[Result "1-0"]
[WhiteElo "1895"]
[BlackElo "1676"]
[PlyCount "71"]
[EventDate "2013.07.28"]
[EventType "swiss"]
[EventRounds "9"]
[EventCountry "CZE"]
[SourceTitle "CBM 155 Extra"]
[Source "ChessBase"]
[SourceDate "2013.08.26"]
[SourceVersion "1"]
[SourceVersionDate "2013.08.26"]
[SourceQuality "1"]

1. d4 d5 2. c4 c6 3. cxd5 cxd5 4. Nc3 Nf6 5. Nf3 Nc6 6. Bf4 Bf5 7. e3 Nh5 8. Qb3 Nxf4 9. exf4 Qd7 10. Qxd5 Qxd5 11. Nxd5 0-0-0 12. Ne3 e6 13. 0-0-0 Bd6 14. Nxf5 exf5 15. g3 f6 16. Bb5 Ne7 17. Rhe1 a6 18. Ba4 b5 19. Bb3 Rhe8 20. Bf7 Rf8 21. Be6+ Kc7 22. Re2 Bb4 23. a3 Ba5 24. Bb3 Nd5 25. Rc2+ Kd6 26. Rc5 Ne7 27. Kb1 Rc8 28. Rdc1 Bb6 29. R5c2 Rxc2 30. Rxc2 Nd5 31. Kc1 Re8 32. Kd2 Ba5+ 33. Kd3 b4 34. Rc5 Nxf4+ 35. gxf4 Bc7 36. axb4 1-0

[Event "Tabor op"]
[Site "Tabor"]
[Date "2013.07.31"]
[Round "5"]
[White "Novak, Martin"]
[Black "Straka, Jaroslav"]
[Result "1-0"]
[WhiteElo "1705"]
[BlackElo "1895"]
[PlyCount "53"]
[EventDate "2013.07.28"]
[EventType "swiss"]
[EventRounds "9"]
[EventCountry "CZE"]
[SourceTitle "CBM 155 Extra"]
[Source "ChessBase"]
[SourceDate "2013.08.26"]
[SourceVersion "1"]
[SourceVersionDate "2013.08.26"]
[SourceQuality "1"]

1. e4 e6 2. d4 d5 3. Nc3 Nc6 4. e5 f6 5. f4 fxe5 6. fxe5 Qh4+ 7. g3 Qxd4 8. Qxd4 Nxd4 9. Bd3 Bd7 10. Bf4 Nh6 11. h3 Nf7 12. h4 a6 13. 0-0-0 Nc6 14. Nf3 0-0-0 15. Rhe1 Be8 16. a3 Nh6 17. Ng5 Bh5 18. Rd2 Nd4 19. Rf1 c5 20. Nxh7 Nf3 21. Rdf2 c4 22. Be2 Rxh7 23. Bxf3 Bxf3 24. Rxf3 Nf5 25. Bg5 Be7 26. Rxf5 Bxg5+ 27. Rxg5 1-0

[Event "Tabor op"]
[Site "Tabor"]
[Date "2013.07.29"]
[Round "3"]
[White "Kovarik, Jan"]
[Black "Straka, Jaroslav"]
[Result "0-1"]
[WhiteElo "1565"]
[BlackElo "1895"]
[PlyCount "49"]
[EventDate "2013.07.28"]
[EventType "swiss"]
[EventRounds "9"]
[EventCountry "CZE"]
[SourceTitle "CBM 155 Extra"]
[Source "ChessBase"]
[SourceDate "2013.08.26"]
[SourceVersion "1"]
[SourceVersionDate "2013.08.26"]
[SourceQuality "1"]

1. e4 e6 2. d4 d5 3. e5 c5 4. c3 Qb6 5. Nf3 Nc6 6. b3 Bd7 7. Be3 Nh6 8. Bd3 cxd4 9. Bxd4 Nxd4 10. Nxd4 Rc8 11. Ne2 Ng4 12. 0-0 Nxe5 13. Kh1 Bc5 14. f3 Nxd3 15. Qxd3 Bb5 16. Qc2 Qa6 17. c4 dxc4 18. Nbc3 Bd7 19. Rfd1 cxb3 20. axb3 Qc6 21. Qb2 f6 22. b4 Bb6 23. Rac1 Be3 24. Nd4 Bxc1 25. Rxc1 0-1

[Event "CZE-chT2C 1112"]
[Site "Czech Republic"]
[Date "2012.01.08"]
[Round "5.7"]
[White "Duran, Tomas"]
[Black "Straka, Jaroslav"]
[Result "0-1"]
[WhiteElo "2188"]
[BlackElo "2127"]
[PlyCount "74"]
[EventDate "2011.10.09"]
[EventType "team-tourn"]
[EventRounds "11"]
[EventCountry "CZE"]
[SourceTitle "EXT 2013"]
[Source "ChessBase"]
[SourceDate "2012.11.22"]
[SourceVersion "1"]
[SourceVersionDate "2012.11.22"]
[SourceQuality "1"]
[WhiteTeam "Turnov Zikuda II"]
[BlackTeam "Ricany"]
[WhiteTeamCountry "CZE"]
[BlackTeamCountry "CZE"]

1. e4 c5 2. Nf3 e6 3. c3 d5 4. e5 Nc6 5. d4 Qb6 6. Bd3 Nge7 7. dxc5 Qxc5 8. Be3 Qa5 9. 0-0 Ng6 10. b4 Qc7 11. Na3 a6 12. Re1 Ncxe5 13. Nxe5 Nxe5 14. Bf4 Bd6 15. Qa4+ Bd7 16. Nb5 Bxb5 17. Bxb5+ Nc6 18. Be3 0-0 19. Be2 Bxh2+ 20. Kh1 Be5 21. Rac1 b5 22. Qb3 Bf4 23. Bd3 g6 24. Bc5 Bxc1 25. Rxc1 Rfe8 26. Qd1 Ne5 27. Bb1 f6 28. a4 Qc6 29. Bd4 Nd7 30. Qg4 f5 31. Qf3 e5 32. Ba2 Nf6 33. Be3 Rac8 34. Bc5 Kg7 35. Rd1 Rcd8 36. Be3 Ne4 37. Rc1 f4 0-1

[Event "CZE-chT2C 0910"]
[Site "Czech Republic"]
[Date "2010.03.14"]
[Round "9.7"]
[White "Paldus, Petr"]
[Black "Straka, Jaroslav"]
[Result "1/2-1/2"]
[WhiteElo "2025"]
[BlackElo "2140"]
[PlyCount "58"]
[EventDate "2009.10.18"]
[EventType "team-tourn"]
[EventRounds "11"]
[EventCountry "CZE"]
[SourceTitle "EXT 2011"]
[Source "ChessBase"]
[SourceDate "2010.11.26"]
[SourceVersion "1"]
[SourceVersionDate "2010.11.26"]
[SourceQuality "1"]
[WhiteTeam "Liberec"]
[BlackTeam "Ricany"]
[WhiteTeamCountry "CZE"]
[BlackTeamCountry "CZE"]

1. e4 g6 2. d4 Bg7 3. Nc3 d6 4. Nf3 Nf6 5. Bd3 c6 6. h3 0-0 7. 0-0 Qc7 8. Be3 e5 9. dxe5 dxe5 10. Qd2 Nbd7 11. Bh6 Nc5 12. Nh4 Rd8 13. Bxg7 Kxg7 14. Qe3 Nxd3 15. cxd3 Qb6 16. Qd2 Ne8 17. Kh1 Qc7 18. f4 Qe7 19. Nf3 f6 20. fxe5 fxe5 21. Ng5 Be6 22. Rf3 Nc7 23. Raf1 Rf8 24. Rxf8 Rxf8 25. Rxf8 Qxf8 26. Nf3 Qf4 27. Qxf4 exf4 28. d4 h6 29. Kg1 g5 1/2-1/2

[Event "CZE-chT2C 0910"]
[Site "Czech Republic"]
[Date "2010.02.14"]
[Round "7.5"]
[White "Klecker, Tadeas"]
[Black "Straka, Jaroslav"]
[Result "1-0"]
[WhiteElo "2147"]
[BlackElo "2140"]
[PlyCount "81"]
[EventDate "2009.10.18"]
[EventType "team-tourn"]
[EventRounds "11"]
[EventCountry "CZE"]
[SourceTitle "EXT 2011"]
[Source "ChessBase"]
[SourceDate "2010.11.26"]
[SourceVersion "1"]
[SourceVersionDate "2010.11.26"]
[SourceQuality "1"]
[WhiteTeam "Praha Oaza"]
[BlackTeam "Ricany"]
[WhiteTeamCountry "CZE"]
[BlackTeamCountry "CZE"]

1. d4 d5 2. Nf3 Nf6 3. c4 e6 4. Nc3 c6 5. e3 Bd6 6. b3 0-0 7. Bd3 Nbd7 8. 0-0 Re8 9. Qc2 h6 10. Bb2 Qc7 11. Rac1 e5 12. cxd5 cxd5 13. Nb5 Qxc2 14. Rxc2 Bb8 15. Rfc1 e4 16. Rxc8 Bxh2+ 17. Nxh2 Rexc8 18. Rxc8+ Rxc8 19. Bb1 a6 20. Nc3 b5 21. f3 b4 22. Na4 h5 23. Nf1 g5 24. Nd2 exf3 25. gxf3 g4 26. e4 gxf3 27. e5 Ng4 28. Nxf3 Ne3 29. Ne1 Nd1 30. Nd3 Nxb2 31. Naxb2 Kg7 32. Na4 a5 33. Ndc5 Nxc5 34. Nxc5 Kh6 35. Kf2 Kg5 36. Bd3 h4 37. Be2 Kf4 38. Bf3 Rd8 39. e6 Kf5 40. exf7 Kf6 41. f8Q+ 1-0

[Event "CZE-chT2C 0910"]
[Site "Czech Republic"]
[Date "2009.11.08"]
[Round "2.6"]
[White "Straka, Jaroslav"]
[Black "Hacha, Ales"]
[Result "1-0"]
[WhiteElo "2140"]
[BlackElo "2188"]
[PlyCount "85"]
[EventDate "2009.10.18"]
[EventType "team-tourn"]
[EventRounds "11"]
[EventCountry "CZE"]
[SourceTitle "EXT 2011"]
[Source "ChessBase"]
[SourceDate "2010.11.26"]
[SourceVersion "1"]
[SourceVersionDate "2010.11.26"]
[SourceQuality "1"]
[WhiteTeam "Ricany"]
[BlackTeam "Turnov Zikuda II"]
[WhiteTeamCountry "CZE"]
[BlackTeamCountry "CZE"]

1. Nf3 Nf6 2. d4 e6 3. g3 b6 4. Bg2 Bb7 5. 0-0 Be7 6. c4 0-0 7. Nc3 d6 8. Re1 Ne4 9. Qc2 f5 10. Nd2 d5 11. e3 Nd7 12. f3 Nxc3 13. bxc3 c5 14. Qb3 Kh8 15. a4 Rc8 16. cxd5 exd5 17. a5 Re8 18. Bb2 Bg5 19. f4 c4 20. Qc2 Bf6 21. Qxf5 g6 22. Qc2 b5 23. a6 Ba8 24. Ba3 Qb6 25. Bh3 Bc6 26. Bb4 Be7 27. Qb2 Bxb4 28. Qxb4 Rcd8 29. Nf3 Nf6 30. Ne5 Kg7 31. Bg2 Bd7 32. Ra5 Ne4 33. Bxe4 dxe4 34. Nxd7 Rxd7 35. Qxb5 Qxb5 36. Rxb5 Re6 37. Ra1 Kf6 38. g4 Rdd6 39. g5+ Ke7 40. Rb7+ Rd7 41. Kf2 Ke8 42. Ra4 Rxa6 43. Rb8+ 1-0

[Event "CZE-chT2C 0809"]
[Site "Czech Republic"]
[Date "2008.12.21"]
[Round "5.8"]
[White "Nemcova, Kristyna"]
[Black "Straka, Jaroslav"]
[Result "0-1"]
[WhiteElo "2049"]
[BlackElo "2133"]
[PlyCount "94"]
[EventDate "2008.10.12"]
[EventType "team-tourn"]
[EventRounds "11"]
[EventCountry "CZE"]
[SourceTitle "EXT 2010"]
[Source "ChessBase"]
[SourceDate "2010.11.25"]
[SourceVersion "1"]
[SourceVersionDate "2010.11.25"]
[SourceQuality "1"]
[WhiteTeam "Praha Oaza"]
[BlackTeam "Ricany"]
[WhiteTeamCountry "CZE"]
[BlackTeamCountry "CZE"]

1. e4 c5 2. Nf3 e6 3. d4 cxd4 4. Nxd4 a6 5. c4 Nf6 6. Nc3 Bb4 7. Qc2 Bxc3+ 8. bxc3 0-0 9. Be2 Qc7 10. 0-0 d6 11. Ba3 Nbd7 12. f4 Nc5 13. Bf3 Re8 14. Nb3 e5 15. f5 b6 16. g4 Bb7 17. Rae1 Red8 18. g5 Ne8 19. Bg2 f6 20. Bc1 a5 21. gxf6 Nxf6 22. Bg5 Qf7 23. Nd2 Ba6 24. Rf3 Bxc4 25. Nxc4 Qxc4 26. Bxf6 gxf6 27. Bf1 Qf7 28. Qb2 Rab8 29. Qb5 Kh8 30. Bc4 Qe8 31. Qb2 Nxe4 32. Rxe4 d5 33. Bb5 dxe4 34. Bxe8 exf3 35. Bc6 Rd3 36. Kf2 Rbd8 37. Qxb6 Rd2+ 38. Kxf3 R8d3+ 39. Ke4 Rxc3 40. Qb8+ Kg7 41. Qa7+ Kh6 42. Bb5 Rd4+ 43. Qxd4 exd4 44. Kxd4 Rc2 45. a4 Rxh2 46. Kc5 Kg5 47. Bd7 Rb2 0-1

[Event "CZE-chT2C 0809"]
[Site "Czech Republic"]
[Date "2008.11.23"]
[Round "3.8"]
[White "Hajny, Miloslav"]
[Black "Straka, Jaroslav"]
[Result "1/2-1/2"]
[WhiteElo "2085"]
[BlackElo "2133"]
[PlyCount "100"]
[EventDate "2008.10.12"]
[EventType "team-tourn"]
[EventRounds "11"]
[EventCountry "CZE"]
[SourceTitle "EXT 2010"]
[Source "ChessBase"]
[SourceDate "2010.11.25"]
[SourceVersion "1"]
[SourceVersionDate "2010.11.25"]
[SourceQuality "1"]
[WhiteTeam "Mlada Boleslav"]
[BlackTeam "Ricany"]
[WhiteTeamCountry "CZE"]
[BlackTeamCountry "CZE"]

1. Nf3 d5 2. c4 d4 3. e3 dxe3 4. fxe3 c5 5. d4 cxd4 6. exd4 e6 7. Nc3 Nf6 8. Bd3 b6 9. 0-0 Bb7 10. d5 exd5 11. Re1+ Be7 12. Qe2 dxc4 13. Bxc4 Nc6 14. Bf4 0-0 15. Rad1 Qc8 16. Nd5 Nxd5 17. Bxd5 Bc5+ 18. Kh1 Ne7 19. Bb3 Qg4 20. Bd6 Bxd6 21. Rxd6 Ng6 22. Nd4 Qxe2 23. Rxe2 Rfd8 24. Nf5 Re8 25. Rxe8+ Rxe8 26. Kg1 Bc8 27. Nd4 Kf8 28. Nc6 a5 29. Nd4 Ne5 30. Rxb6 Nd3 31. h3 Nxb2 32. Nb5 Nd3 33. Nd6 Re1+ 34. Kh2 Be6 35. Rb8+ Ke7 36. Nc8+ Kd7 37. Na7 Nc5 38. Bxe6+ Rxe6 39. Rb5 Ra6 40. Rxc5 Rxa7 41. a4 Ke6 42. Kg3 g6 43. Kf4 h5 44. g4 hxg4 45. hxg4 Ra6 46. Rb5 f6 47. Rc5 Kd6 48. Rb5 Ke6 49. Rc5 Kd6 50. Rb5 Ke6 1/2-1/2

[Event "CZE-chT2c 0607"]
[Site "Czech Republic"]
[Date "2007.01.14"]
[Round "6.6"]
[White "Straka, Jaroslav"]
[Black "Outulny, Pavel"]
[Result "0-1"]
[WhiteElo "2156"]
[BlackElo "2204"]
[PlyCount "46"]
[EventDate "2006.10.15"]
[EventType "team"]
[EventRounds "11"]
[EventCountry "CZE"]
[SourceTitle "EXT 2008"]
[Source "ChessBase"]
[SourceDate "2007.11.25"]
[SourceVersion "1"]
[SourceVersionDate "2007.11.25"]
[SourceQuality "1"]
[WhiteTeam "Ricany"]
[BlackTeam "AVE Kontakt"]
[WhiteTeamCountry "CZE"]
[BlackTeamCountry "CZE"]

1. Nf3 c5 2. b3 d6 3. Bb2 e5 4. e4 Nf6 5. d3 Be7 6. Be2 Nbd7 7. 0-0 Nf8 8. Nbd2 Ng6 9. g3 Bh3 10. Re1 h5 11. Ng5 Bg4 12. f3 Be6 13. Nxe6 fxe6 14. c3 h4 15. b4 hxg3 16. hxg3 Nh5 17. Nf1 Nxg3 18. Nxg3 Bh4 19. f4 Bxg3 20. Bh5 Qh4 21. Bxg6+ Ke7 22. Kg2 Qh2+ 23. Kf3 Qf2+ 0-1

[Event "CZE-chT2 0102"]
[Site "Czech Republic"]
[Date "2002.01.27"]
[Round "8.7"]
[White "Chmelik, Jiri"]
[Black "Straka, Jaroslav"]
[Result "1-0"]
[WhiteElo "2098"]
[BlackElo "2197"]
[PlyCount "57"]
[EventDate "2001.10.??"]
[EventType "team"]
[EventRounds "11"]
[EventCountry "CZE"]
[SourceTitle "EXT 2006"]
[Source "ChessBase"]
[SourceDate "2005.11.24"]
[SourceVersion "1"]
[SourceVersionDate "2005.11.24"]
[SourceQuality "1"]

1. d4 Nf6 2. c4 g6 3. Nc3 Bg7 4. e4 d6 5. f3 0-0 6. Be3 e5 7. d5 c5 8. Bd3 Nh5 9. Nge2 f5 10. exf5 gxf5 11. 0-0 Kh8 12. Qd2 Bf6 13. Rab1 Rg8 14. b4 cxb4 15. Rxb4 Na6 16. Rbb1 f4 17. Bf2 Bh3 18. Rxb7 Rxg2+ 19. Kh1 Rg7 20. Rxg7 Nxg7 21. Rb1 Bh4 22. Ne4 Bxf2 23. Nxf2 Bf5 24. Rg1 Nc5 25. Bxf5 Nxf5 26. Nxf4 Nd4 27. Ng6+ Kg7 28. Nxe5+ Kh8 29. Nf7# 1-0

[Event "CZE-chT2V 0203"]
[Site "Czech Republic"]
[Date "2002.??.??"]
[Round "5"]
[White "Straka, Jaroslav"]
[Black "Spacek, Libor"]
[Result "1/2-1/2"]
[WhiteElo "2168"]
[BlackElo "2171"]
[PlyCount "21"]
[EventDate "2002.10.??"]
[EventType "team"]
[EventRounds "11"]
[EventCountry "CZE"]
[SourceTitle "EXT 2007"]
[Source "ChessBase"]
[SourceDate "2006.11.23"]
[SourceVersion "1"]
[SourceVersionDate "2006.11.23"]
[SourceQuality "1"]
[WhiteTeam "Ricany"]
[BlackTeam "Vrchlabi"]
[WhiteTeamCountry "CZE"]
[BlackTeamCountry "CZE"]

1. d4 Nf6 2. Nf3 g6 3. g3 Bg7 4. Bg2 0-0 5. 0-0 d6 6. c4 Nbd7 7. Nc3 c6 8. e4 Qc7 9. h3 e5 10. Be3 Rd8 11. d5 1/2-1/2